000 00391pab a2200157 454500
008 180718b2007 xxu||||| |||| 00| 0 eng d
100 _aJoseph, Thomas
245 _aCommission versus commission in higher education
260 _c2007
300 _ap.20-23.
362 _a15 Dec
650 _aHigher education
773 _aEconomic and Political Weekly
908 _aN
909 _a76759
999 _c76759
_d76759